00251nam a2200109Ia 4500008004100000100002100041245002200062260002100084650001200105942000700117999001700124190216s9999||||xx |||||||||||||| ||und|| aWilliam Gold Man 2aA Key To The Site bPan Books London aEnglish cBK c12773d12773